| 000 | 01461cad a2200301 4500 | ||
|---|---|---|---|
| 001 | ##L131605 | ||
| 002 | ##9186 | ||
| 008 | 051118n2005 000 0 eng u | ||
| 020 | _a0728204827 | ||
| 035 | _a(Sirsi) u131605 | ||
| 041 | 0 | _aeng | |
| 050 | _a333.33 $2 18 | ||
| 100 | 1 | 0 | _aBanfield, Anthony |
| 245 | 0 | 0 |
_aStapleton's real estate management practice _h[electronic resource] |
| 260 |
_a[S.l.]EG Books _c2005 |
||
| 300 |
_axxii, 368p. _c21cm. |
||
| 350 | _a39 | ||
| 520 | _aIntended for advanced student and practitioners this text provides a comprehensive study of the management of urban property. Part one considers the diverse nature of the types of estates and different aspects and interpretations of the management task. Part two concentrates on the management of leased property, repairs, services charges and rent reviews and the statutory framework within which the landlord and tenant relationship has developed. Part three deals with positive management covering both technical skills and the professional practice environment in which they are exercised. | ||
| 520 | _aFormerly Estate Management Practice by Tim Stapleton. | ||
| 590 | _aKA | ||
| 650 | 2 | 4 | _aEBOOK |
| 651 | 4 |
_aUnited Kingdom _y |
|
| 690 |
_aBlock management _96220 |
||
| 690 |
_aProperty management _96262 |
||
| 700 | 1 | 0 | _aStapleton, Tim. |
| 856 | 4 | 0 |
_uhttps://www.vlebooks.com/ _zView on VLEbooks. Logins for members only from [email protected] |
| 942 | _n0 | ||
| 999 |
_c104792 _d104792 |
||